000 00420 a2200181 4500
001 121024
020 _a9788586575242
040 _cEscola Canadense de Niteroi
100 _aRossi, Natércia
245 1 0 _aNa Ponta da Língua 3º Ano
250 _a8. ed.
260 _aRio de Janeiro
300 _a192 p.
_bil.
362 0 _a2018
490 0 _aNa Ponta da Língua
650 4 _aLíngua Portuguesa
942 _cBK
999 _c121024
_d121024